• 首页
  • 本馆介绍
  • 公告通知
  • 最新文献
  • 馆藏检索
  • 电子资源
  • 读者导购
  • 参考咨询
  • 我的图书馆
  • 登录
  • 详细信息显示
  • 放入我的书架
  • 预约/预借图书
  • 作者相关作品
  • 分类相关作品
  • 丛书相关作品
  • 出版社相关作品

书目信息

  • 表格格式
  • 工作单格式
  • 卡片格式
书名: The Black eel
作者: Ai Qing ; translated by Yang Xianyi and Robert C. Friend.
分册号:
分册名:
出版地: Beijing, China :
 
出版社: Chinese Literature
出版时间: 1982.
页数: 103 p. :
开本: 18 cm.
丛书名:
中图分类号:
科图分类号:
其他分类号: H319.4
主题词:
电子资源:
000 00925cam 2200313 a 4504
001 E0740016500
003 OCoLC
005 20070208111128.90
008 031225s1982 cc a 000 0 eng
010    @a83101828
020    @cCNY0.90.
035    @a.b2057244x
040    @aDLC@cDLC
041 1  @aeng@hchi
050 00 @aPL2833.I2@bH413 1982
082 00 @a895.1/15 @2 19
090    @aK259.2/W5
090    @aH319.4
099    @dH319.4@ex526
100 1  @aAi, Qing,@d1910-
240 10 @aHei man.@lEnglish.
245 10 @aThe Black eel / @cAi Qing ; translated by Yang Xianyi and Robert C. Friend.
250    @a1st ed.
260    @aBeijing, China :@bChinese Literature :@bDistributed by China Publications Centre,@c1982.
300    @a103 p. :@bill. ;@c18 cm.
490 0  @aPanda books.
500    @aTranslation of: Hei man.
500    @aChinese title in colophon.
920    @a232010@z2
    
    The Black eel / / Ai Qing ; translated by Yang Xianyi and Robert C. Friend.-1st ed.-Beijing, China : : Chinese Literature : : Distributed by China Publications Centre, , 1982.
    103 p. : : ill. ; ; 18 cm.- (Panda books. )
    Translation of: Hei man.-Chinese title in colophon.
    
    ISBN CNY0.90.
    
●
相关链接 在E读中查询图书 在五车中查询图书 在当当中查询图书 在豆瓣中查询图书


正题名:The Black eel     索取号:H319.4/x526         预约/预借

序号 登录号 条形码 馆藏地/架位号 状态 备注
1 78606   202453433   第四借阅区/ [索取号:H319.4/x526] 在馆    
2 78607   202453442   第四借阅区/ [索取号:H319.4/x526] 在馆    
3 78608   202453451   第四借阅区/ [索取号:H319.4/x526] 在馆    
4 78609   202453460   第四借阅区/ [索取号:H319.4/x526] 在馆    
5 78610   000069749   第二样本阅览室/ [索取号:H319.4/x526] 在馆    
唐山师范学院图书馆 欢迎您!
大连网信软件有限公司© 版权所有